000 00527nam a22001697a 4500
003 NUST
005 20260311142104.0
020 _a 978-9400740297
082 _a551.5
_bYEE
100 _a Young Yee, Kueyson Y. Yee, Erik Y. Yee.
_9133645
245 _aAtmospheric Temperature Profiles of the Northern Hemisphere: A Compendium of Data /
_c Young Yee, Kueyson Y. Yee, Erik Y. Yee.
250 _a 2012th Edition
260 _aLondon:
_bSpringer,
_c2012.
300 _a314 p ;
_c35.5 cm
563 _aHardcover
942 _2ddc
_cBK
999 _c616605
_d616605